000 00786nam a22003130a 4500
001 PT59046
003 AR-LpoUNG
005 20210131231911.0
008 191001s2004||||ag |||||||||||||||||spa d
020 _a9872121362
_c$21
040 _aAR-LpoUNG
_bspa
_cAR-LpoUNG
_eaacr
041 _aspa
044 _aag
082 0 _aA861 557mar
100 1 _aHernández, José
245 1 0 _aMartín Fierro
250 _a1ra. ed.
260 _aBuenos Aires :
_bGárgola,
_c2004.
300 _a307 p. :
_bil., fot.
650 4 _aARGENTINA
650 4 _aLITERATURA
650 4 _aPOESIA
651 4 _aDOCUMENTOS TEORICOS O METODOLOGICOS
653 _aLITERATURA ARGENTINA
653 _aPOESIA GAUCHESCA
700 1 _aJáuregui, Ezequiel
_enot.
905 _a59046
942 _cLIB
999 _c12478
_d12478